| 000 | 00563nam a22001817a 4500 | ||
|---|---|---|---|
| 005 | 20250224110229.0 | ||
| 010 | _aENG-143776 | ||
| 020 |
_c345.00 _a978193033340 |
||
| 035 | _aEN-127308 | ||
| 037 | _bDBAD | ||
| 082 | _a301.153 | ||
| 100 |
_aBaskaran, M William _978498 |
||
| 245 |
_aFostering Gandhian Ideals _cM William Baskaran _bIn Higher Educational Institutions |
||
| 260 |
_aNew Delhi _bStudera Press _c2015 |
||
| 270 |
_bNew Delhi _a1586/113,FF, Tri Nagar, _e110035 |
||
| 300 |
_a78pp. _c23cm(pbk) |
||
| 942 |
_2ddc _cEN _h301.153 _mBAS |
||
| 999 |
_c209637 _d209637 |
||